| 000 | 00515nam a2200193Ia 4500 | ||
|---|---|---|---|
| 003 | GCL | ||
| 008 | 140319s9999 xx 000 0 ara d | ||
| 040 |
_aGCL / _cGCL |
||
| 082 | 0 | 4 |
_a649 _bى ر |
| 100 | 1 | _aيوسف ميخائيل اسعد | |
| 245 | 1 | 0 |
_aرعاية الطفولة / _cيوسف ميخائيل اسعد |
| 300 | _a343 ص | ||
| 490 |
_aكتاب _v0 |
||
| 650 | 0 | 4 | _aالرعاية الصحية |
| 650 | 0 | 4 | _aالتربية |
| 650 | 0 | 4 | _aالاطفال |
| 650 | 0 | 4 | _aتغذية |
| 942 |
_2ddc _cBK |
||
| 999 |
_c42590 _d42590 |
||